[Event "38th ECC Open 2023"]
[Site "Durres ALB"]
[Date "2023.10.02"]
[Round "2.3"]
[Board "4"]
[White "Colbow, Collin"]
[Black "Anton Guijarro, David"]
[Result "0-1"]
[WhiteTitle "FM"]
[BlackTitle "GM"]
[WhiteElo "2404"]
[BlackElo "2653"]
[WhiteTeam "SV Werder Bremen"]
[BlackTeam "Novy Bor"]
[WhiteFideId "16201132"]
[BlackFideId "2285525"]
[EventDate "2023.10.01"]

1. e4 c6 2. d4 d5 3. exd5 cxd5 4. c4 Nf6 5. Nc3 e6 6. Nf3 Be7 7. cxd5 Nxd5 8.
Bd3 O-O 9. O-O Nc6 10. Re1 Bf6 11. Be4 Nce7 12. Ne5 Ng6 13. Qf3 Nde7 14. Rd1 Nf5
15. Ng4 Be7 16. Bxb7 Nfh4 17. Qc6 Bxb7 18. Qxb7 Rb8 19. Qxa7 Bb4 20. Qa6 Nxg2
21. Kxg2 Bxc3 22. bxc3 Qd5+ 23. Kf1 Qf3 24. Nh6+ gxh6 25. Qd3 Qh5 26. Kg1 Rb5
27. Kh1 Rf5 28. f4 Kh8 29. Rg1 Rxf4 30. Bxf4 Qd5+ 31. Rg2 Qxg2+ 32. Kxg2 Nxf4+
33. Kf3 Nxd3 34. Rb1 Rc8 35. Rb3 Nc1 36. Ra3 Kg7 37. Ke3 Nxa2 38. Rxa2 Rxc3+ 39.
Kf4 Rh3 40. Ke5 Rh5+ 41. Ke4 Kf6 42. Rf2+ Ke7 43. Ra2 Rh4+ 44. Ke3 Rh3+ 45. Kf4
Rh4+ 46. Ke3 h5 47. Rb2 h6 48. Rb7+ Kf6 49. Rb2 Rh3+ 50. Kf4 Rd3 51. Ke4 Rd1 52.
Ra2 Re1+ 53. Kf4 Rg1 54. Rb2 Kg6 55. Rd2 Rg5 56. Ke4 h4 57. Rf2 Rg1 58. Rd2 Kg5
59. Kf3 Rf1+ 60. Kg2 Rf5 61. Kh3 Kh5 62. Re2 Rf3+ 63. Kg2 Kg4 64. Rd2 h3+ 65.
Kg1 Kf4 66. Re2 Rd3 67. Rf2+ Ke3 68. Rf1 Rxd4 69. Re1+ Kf3 70. Rf1+ Ke2 71. Kh1
Rd1 72. Kg1 Rxf1# 0-1

[Event "38th ECC Open 2023"]
[Site "Durres ALB"]
[Date "2023.10.02"]
[Round "2.3"]
[Board "5"]
[White "Ragger, Markus"]
[Black "Reuker, Jari"]
[Result "1/2-1/2"]
[WhiteTitle "GM"]
[BlackTitle "IM"]
[WhiteElo "2615"]
[BlackElo "2403"]
[WhiteTeam "Novy Bor"]
[BlackTeam "SV Werder Bremen"]
[WhiteFideId "1610856"]
[BlackFideId "12909300"]
[EventDate "2023.10.01"]

1. d4 Nf6 2. c4 e6 3. Nf3 d5 4. g3 Bb4+ 5. Bd2 Be7 6. Bg2 O-O 7. O-O c6 8. Qc2
b6 9. Bf4 dxc4 10. Qxc4 Nd5 11. Bxb8 Rxb8 12. Ne5 b5 13. Qc1 Bb7 14. Nxc6 Bxc6
15. Qxc6 Qa5 16. Nc3 Nxc3 17. Qxc3 Qxc3 18. bxc3 Rfc8 19. a4 b4 20. cxb4 Rxb4
21. e3 a5 22. Rfd1 g6 23. Bf1 Rc2 24. Bd3 Rc3 25. Ra2 Kf8 26. Bb5 Bd6 27. Kf1
Ke7 28. Ke2 Rbb3 29. Rdd2 Bb4 30. Rdc2 Ra3 31. Kf3 h5 32. h3 Kf6 33. g4 h4 34.
Rxc3 Rxa2 35. Rc1 Bd2 36. Rf1 Rc2 37. Ke4 Rc1 38. Rxc1 Bxc1 39. Kd3 g5 40. Ke4
Ba3 41. f4 Bc1 42. Bc4 Bd2 43. f5 Bc1 44. Bb3 Bb2 45. Bc4 Bc1 46. Ba6 Bb2 47.
Bc8 Bc1 48. Kd3 e5 49. e4 exd4 50. Kxd4 Ke7 51. e5 f6 52. e6 Bd2 53. Kd5 Bb4 54.
Ba6 Be1 55. Be2 1/2-1/2

[Event "38th ECC Open 2023"]
[Site "Durres ALB"]
[Date "2023.10.02"]
[Round "2.3"]
[Board "6"]
[White "Charmeteau, Sven"]
[Black "Zilka, Stepan"]
[Result "1/2-1/2"]
[WhiteTitle "FM"]
[BlackTitle "GM"]
[WhiteElo "2288"]
[BlackElo "2599"]
[WhiteTeam "SV Werder Bremen"]
[BlackTeam "Novy Bor"]
[WhiteFideId "638285"]
[BlackFideId "315303"]
[EventDate "2023.10.01"]

1. e4 e5 2. Nf3 Nc6 3. Bb5 a6 4. Ba4 Nf6 5. O-O Be7 6. Re1 b5 7. Bb3 O-O 8. a4
b4 9. d3 d6 10. Nbd2 Na5 11. Ba2 Be6 12. c3 Rb8 13. d4 Bxa2 14. Rxa2 d5 15. dxe5
Nxe4 16. Qe2 bxc3 17. Nxe4 dxe4 18. Qxe4 Rb4 19. Qe2 c2 20. Qxc2 Rc4 21. Qe2 Qd5
22. Bg5 Bxg5 23. Nxg5 h6 24. Nf3 Nb3 25. Ra3 Rb8 26. h3 c5 27. e6 fxe6 28. Ne5
Rc1 29. Rxc1 Nxc1 30. Qh5 Rf8 31. Kh2 Nb3 32. Qe2 Nd4 33. Qh5 Nc6 34. Re3 Qd6
35. f4 Qd4 36. Rg3 Nxe5 37. fxe5 Qf4 38. b3 a5 39. h4 Kh8 40. Kh3 Qf5+ 41. Qxf5
Rxf5 42. Rd3 Rxe5 43. Rd8+ Kh7 44. Rb8 Re3+ 45. g3 c4 46. bxc4 Ra3 47. Rb6 Rxa4
48. Rxe6 Rxc4 49. Ra6 Rc5 50. g4 h5 51. gxh5 Rxh5 52. Kg4 Rb5 53. Kf4 g6 54. Ra8
Kh6 55. Rh8+ Kg7 56. Ra8 Rc5 57. Kg4 Kf6 1/2-1/2

[Event "38th ECC Open 2023"]
[Site "Durres ALB"]
[Date "2023.10.02"]
[Round "2.4"]
[Board "1"]
[White "Alonso Rosell, Alvar"]
[Black "Martirosyan, Haik M."]
[Result "0-1"]
[WhiteTitle "GM"]
[BlackTitle "GM"]
[WhiteElo "2574"]
[BlackElo "2696"]
[WhiteTeam "Silla Chess Club"]
[BlackTeam "Asnieres - Le Grand Echiquier"]
[WhiteFideId "2270544"]
[BlackFideId "13306553"]
[EventDate "2023.10.01"]

1. d4 Nf6 2. Nf3 d5 3. Bf4 c5 4. e3 Nc6 5. Nbd2 cxd4 6. exd4 a6 7. c3 Bf5 8. Ne5
Nxe5 9. dxe5 Nd7 10. g4 Bg6 11. h4 h5 12. e6 fxe6 13. gxh5 Bxh5 14. Be2 Bxe2 15.
Qxe2 e5 16. Bg3 e6 17. O-O-O Qf6 18. c4 Qf5 19. Qf3 Qxf3 20. Nxf3 Rc8 21. b3 b5
22. Rhe1 bxc4 23. Bxe5 cxb3+ 24. Kb2 Bb4 25. Bxg7 Rg8 26. Rxe6+ Kf7 27. Ng5+
Kxg7 28. axb3 Rgf8 29. f3 d4 30. Rg1 Rf6 31. Ne4+ Kf7 32. Ng5+ Kg6 33. Re4 Kh6
34. Kb1 Rc3 35. Ka2 Re3 36. Rd1 Bc3 0-1

[Event "38th ECC Open 2023"]
[Site "Durres ALB"]
[Date "2023.10.02"]
[Round "2.4"]
[Board "2"]
[White "Moussard, Jules"]
[Black "Gines Esteo, Pedro Antonio"]
[Result "1/2-1/2"]
[WhiteTitle "GM"]
[BlackTitle "GM"]
[WhiteElo "2642"]
[BlackElo "2490"]
[WhiteTeam "Asnieres - Le Grand Echiquier"]
[BlackTeam "Silla Chess Club"]
[WhiteFideId "642908"]
[BlackFideId "32080190"]
[EventDate "2023.10.01"]

1. e4 e5 2. Nf3 Nc6 3. Bb5 Nf6 4. d3 Bc5 5. c3 O-O 6. O-O d5 7. Nbd2 dxe4 8.
dxe4 Qe7 9. h3 Rd8 10. Qc2 a5 11. a4 Nb8 12. Re1 Ne8 13. Nf1 Nd6 14. Be2 f6 15.
Rb1 Be6 16. b4 Bb6 17. Be3 Nd7 18. N3d2 Qf7 19. c4 Bxe3 20. Nxe3 axb4 21. c5 b3
22. Qc3 Nc8 23. c6 bxc6 24. a5 Nd6 25. Qxc6 Rdb8 26. Rb2 Nf8 27. a6 Qd7 28. Rc1
Qxc6 29. Rxc6 Ra7 30. Nd5 Bxd5 31. exd5 Rb6 32. Rxb6 cxb6 33. Nc4 Rxa6 34. Nxd6
Ra2 35. Rxb3 Rxe2 36. Rxb6 Rd2 37. Nf5 g6 38. Ne3 f5 39. Kf1 h5 40. Rb5 1/2-1/2

[Event "38th ECC Open 2023"]
[Site "Durres ALB"]
[Date "2023.10.02"]
[Round "2.4"]
[Board "3"]
[White "Lopez Mulet, Inigo"]
[Black "Movsesian, Sergei"]
[Result "0-1"]
[WhiteTitle "IM"]
[BlackTitle "GM"]
[WhiteElo "2414"]
[BlackElo "2606"]
[WhiteTeam "Silla Chess Club"]
[BlackTeam "Asnieres - Le Grand Echiquier"]
[WhiteFideId "22235620"]
[BlackFideId "310204"]
[EventDate "2023.10.01"]

1. d4 Nf6 2. c4 e6 3. g3 d5 4. Bg2 dxc4 5. Nf3 c6 6. O-O b5 7. Ne5 Bb7 8. a4 a6
9. axb5 axb5 10. Rxa8 Bxa8 11. Nc3 Be7 12. Nxb5 cxb5 13. Bxa8 O-O 14. Bg2 Nd5
15. e4 Nb4 16. d5 Bd6 17. Ng4 exd5 18. exd5 Nd3 19. b3 Nxc1 20. Qxc1 cxb3 21.
Qb2 Nd7 22. Qxb3 Qb6 23. Ne3 Bc5 24. Nd1 Bd4 25. Nc3 b4 26. Ne4 Nc5 27. Nxc5
Qxc5 28. Qa2 Rb8 29. Rb1 b3 30. Qd2 g6 31. Bf3 b2 32. Kg2 Rb6 33. Be4 Rb4 34.
Bf3 h5 35. Qe2 Kg7 36. h3 Rb3 37. Be4 Rb6 38. Bf3 Qc3 39. Be4 Rf6 40. Rf1 Bc5
41. Qd3 Qb4 42. h4 Ra6 43. Rb1 Ra4 44. Bf3 Ra3 45. Qe4 Bd4 46. Rd1 Qb6 47. Rb1
Ra1 48. Be2 Qf6 49. f3 Rxb1 50. Qxb1 Qe5 51. Bc4 Qc7 52. Bd3 Qc1 53. Kh3 Kf6 54.
f4 Ke7 55. Be4 f5 56. Bd3 Kd6 57. Kg2 Bc5 58. Kf3 Kxd5 59. Qa2+ Kd4 60. Qb3 Qe3+
61. Kg2 Qd2+ 62. Kh3 Qxd3 63. Qxb2+ Kc4 64. Qa2+ Kb5 65. Qb2+ Ka4 66. Qa2+ Ba3
67. Qg8 Qe4 68. Kh2 Bc5 69. Qa2+ Kb5 70. Qb2+ Bb4 71. Qg7 Qc2+ 72. Kh3 Qc6 73.
Kh2 Bc3 74. Qf7 Kb4 75. Qe7+ Kb3 76. Qa7 Qe6 77. Kh3 Qe4 78. Qb6+ Kc2 79. Qf2+
Kd1 80. Qg1+ Be1 81. Qf1 Qe2 82. Qg1 Qg4+ 83. Kh2 Qxg3+ 0-1

[Event "38th ECC Open 2023"]
[Site "Durres ALB"]
[Date "2023.10.02"]
[Round "2.4"]
[Board "4"]
[White "Cornette, Matthieu"]
[Black "Luque Saiz, Andres"]
[Result "1-0"]
[WhiteTitle "GM"]
[BlackTitle "FM"]
[WhiteElo "2581"]
[BlackElo "2339"]
[WhiteTeam "Asnieres - Le Grand Echiquier"]
[BlackTeam "Silla Chess Club"]
[WhiteFideId "620084"]
[BlackFideId "24510793"]
[EventDate "2023.10.01"]

1. e4 c5 2. Nf3 a6 3. g3 Nc6 4. Bg2 g6 5. d4 cxd4 6. Nxd4 Bg7 7. Ne2 b5 8. Nbc3
Rb8 9. O-O d6 10. h3 Nf6 11. Nd5 O-O 12. Bg5 Nd7 13. Qc1 Re8 14. Rd1 Bb7 15. c3
Nb6 16. b3 Rc8 17. Rb1 Nd7 18. Qd2 Nc5 19. Kh2 Rb8 20. f3 Ne6 21. Be3 Nc5 22.
Rbc1 a5 23. Bf2 e6 24. Ndf4 Bf8 25. Nd4 Nxd4 26. cxd4 Nd7 27. d5 e5 28. Nd3 h5
29. h4 Kh7 30. Be3 b4 31. Bh3 Be7 32. Rc2 Ba6 33. Rdc1 Bb5 34. Nb2 Rf8 35. Nc4
Ra8 36. a4 Bxc4 37. Rxc4 Nc5 38. Qc2 Ra6 39. Rf1 Kg7 40. f4 exf4 41. Rxf4 Ra8
42. Bd4+ Kg8 43. Rf2 Nd7 44. Rc7 Nc5 45. Rc6 Nd7 46. e5 Kh7 47. exd6 Bf6 48.
Bxf6 Nxf6 49. d7 Ng4+ 50. Bxg4 hxg4 51. Rxf7+ 1-0

[Event "38th ECC Open 2023"]
[Site "Durres ALB"]
[Date "2023.10.02"]
[Round "2.4"]
[Board "5"]
[White "Garcia Molina, Jose"]
[Black "Degraeve, Jean-Marc"]
[Result "0-1"]
[WhiteTitle "FM"]
[BlackTitle "GM"]
[WhiteElo "2216"]
[BlackElo "2479"]
[WhiteTeam "Silla Chess Club"]
[BlackTeam "Asnieres - Le Grand Echiquier"]
[WhiteFideId "32030592"]
[BlackFideId "600270"]
[EventDate "2023.10.01"]

1. d4 g6 2. c4 Bg7 3. Nf3 c5 4. d5 d6 5. g3 b5 6. cxb5 a6 7. bxa6 Nf6 8. Nc3 O-O
9. Bg2 Nbd7 10. O-O Nb6 11. Re1 Bxa6 12. h3 Ra7 13. a4 Qa8 14. e4 Nfd7 15. Qc2
Nc4 16. b3 Nce5 17. Bg5 Nxf3+ 18. Bxf3 Rb8 19. Rab1 Rab7 20. Be2 Bxe2 21. Rxe2
Bxc3 22. Qxc3 f6 23. Bd2 Qa6 24. Ree1 Ne5 25. Re3 Nc4 26. Qd3 Rb6 27. Re2 Nxd2
28. Rxd2 c4 29. Qe2 cxb3 30. Qxa6 Rxa6 31. Rdb2 Rxa4 32. f3 Rab4 33. Kf1 f5 34.
exf5 gxf5 35. f4 Kf7 36. Ke2 R8b5 37. Kf3 h5 38. Rd1 h4 39. gxh4 Rc5 40. Rd3
Rcc4 41. Rbxb3 Rxf4+ 42. Kg3 Rxh4 43. Rxb4 Rxb4 44. Kf3 Kf6 45. Kg3 Ke5 46. Re3+
Re4 47. Rd3 Rd4 48. Rxd4 Kxd4 49. Kf4 Kxd5 50. Kxf5 e5 51. h4 e4 52. Kf4 Kd4 53.
h5 e3 54. h6 e2 55. h7 e1=Q 0-1

[Event "38th ECC Open 2023"]
[Site "Durres ALB"]
[Date "2023.10.02"]
[Round "2.4"]
[Board "6"]
[White "Delchev, Aleksander"]
[Black "Sanz Wawer, Daniel"]
[Result "1-0"]
[WhiteTitle "GM"]
[BlackTitle "FM"]
[WhiteElo "2514"]
[BlackElo "2359"]
[WhiteTeam "Asnieres - Le Grand Echiquier"]
[BlackTeam "Silla Chess Club"]
[WhiteFideId "2900394"]
[BlackFideId "1185543"]
[EventDate "2023.10.01"]

1. d4 Nf6 2. c4 e6 3. Nf3 d5 4. Nc3 Be7 5. Bf4 O-O 6. e3 c5 7. dxc5 Bxc5 8. a3
Nc6 9. Qc2 Qa5 10. Rd1 dxc4 11. Bxc4 Be7 12. O-O a6 13. Ba2 Qh5 14. Ne2 Qc5 15.
Qxc5 Bxc5 16. Ne5 Nxe5 17. Bxe5 b6 18. Nc3 b5 19. Bd6 Bxd6 20. Rxd6 Bb7 21. Rfd1
Rfb8 22. f3 Kf8 23. e4 Ne8 24. R6d2 Bc6 25. b4 Ke7 26. Ne2 Rd8 27. Nd4 Bb7 28.
Nb3 Rxd2 29. Rxd2 Rd8 30. Rxd8 Kxd8 31. Nc5 Bc8 32. e5 Ke7 33. Kf2 Nc7 34. f4
Na8 35. Ke3 Nb6 36. Kd4 h6 37. g3 Kd8 38. Bb3 Kc7 39. Ne4 Bd7 40. Nd6 f5 41. Kc5
Nc8 42. Nxc8 Bxc8 43. a4 bxa4 44. Bxa4 g5 45. h4 gxf4 46. gxf4 1-0

[Event "38th ECC Open 2023"]
[Site "Durres ALB"]
[Date "2023.10.02"]
[Round "2.5"]
[Board "1"]
[White "Nagy, Gabor1"]
[Black "Amin, Bassem"]
[Result "1/2-1/2"]
[WhiteTitle "GM"]
[BlackTitle "GM"]
[WhiteElo "2439"]
[BlackElo "2680"]
[WhiteTeam "KSK Rochade"]
[BlackTeam "Schachclub Viernheim 1934 e.V."]
[WhiteFideId "737119"]
[BlackFideId "10601457"]
[EventDate "2023.10.01"]

1. d4 Nf6 2. c4 g6 3. g3 Bg7 4. Bg2 O-O 5. Nc3 d6 6. Nf3 c6 7. O-O Bf5 8. Ne1 e5
9. d5 cxd5 10. cxd5 a5 11. e4 Bd7 12. a4 Na6 13. Nd3 Ne8 14. Be3 b6 15. Rb1 f5
16. f4 Nf6 17. fxe5 Ng4 18. Qe2 Nxe5 19. Nf4 Nc5 20. Bxc5 bxc5 21. Ne6 Qb6 22.
exf5 c4+ 23. Kh1 Rxf5 24. Rxf5 gxf5 25. Rf1 Rb8 26. Nb5 Bxb5 27. axb5 Qxb5 28.
Qh5 Qxb2 29. Qxf5 Ng6 30. h4 Qe5 31. Qf7+ Kh8 32. Rf5 Qe1+ 33. Rf1 Qe5 34. Rf5
Qe1+ 35. Rf1 1/2-1/2

[Event "38th ECC Open 2023"]
[Site "Durres ALB"]
[Date "2023.10.02"]
[Round "2.5"]
[Board "2"]
[White "Kryvoruchko, Yuriy"]
[Black "Galyas, Miklos"]
[Result "1-0"]
[WhiteTitle "GM"]
[BlackTitle "GM"]
[WhiteElo "2656"]
[BlackElo "2467"]
[WhiteTeam "Schachclub Viernheim 1934 e.V."]
[BlackTeam "KSK Rochade"]
[WhiteFideId "14109182"]
[BlackFideId "707244"]
[EventDate "2023.10.01"]

1. e4 c6 2. d4 d5 3. e5 c5 4. Nf3 cxd4 5. Nxd4 Nc6 6. Nxc6 bxc6 7. Bd3 e6 8. O-O
a5 9. Re1 Ba6 10. Bxa6 Rxa6 11. c4 Bb4 12. Nc3 Ne7 13. a3 Bxc3 14. bxc3 dxc4 15.
Qg4 Qd3 16. Be3 h5 17. Qg5 Qf5 18. Rab1 Ra8 19. Qxf5 exf5 20. Rb7 Nd5 21. e6
fxe6 22. Bd4 Kd8 23. Rxe6 Re8 24. Rxe8+ Kxe8 25. Rxg7 Rd8 26. g3 f4 27. Kg2 Rd7
28. Rg8+ Kf7 29. Rg5 fxg3 30. hxg3 c5 31. Be5 Ke6 32. Rxh5 Rb7 33. f4 Rb3 34.
Rh6+ Kf7 35. g4 Nxc3 36. g5 Ne4 37. g6+ Ke6 38. g7+ Kf7 39. f5 c3 40. Rh8 1-0

[Event "38th ECC Open 2023"]
[Site "Durres ALB"]
[Date "2023.10.02"]
[Round "2.5"]
[Board "3"]
[White "Berczes, David"]
[Black "Wagner, Dennis"]
[Result "0-1"]
[WhiteTitle "GM"]
[BlackTitle "GM"]
[WhiteElo "2445"]
[BlackElo "2589"]
[WhiteTeam "KSK Rochade"]
[BlackTeam "Schachclub Viernheim 1934 e.V."]
[WhiteFideId "722960"]
[BlackFideId "24650684"]
[EventDate "2023.10.01"]

1. Nf3 Nf6 2. c4 c5 3. Nc3 d5 4. cxd5 Nxd5 5. g3 Nc6 6. Bg2 Nc7 7. d3 e5 8. Nd2
Bd7 9. Nc4 Be7 10. O-O f6 11. f4 b5 12. Ne3 exf4 13. gxf4 O-O 14. a4 bxa4 15.
Nxa4 f5 16. Bd2 Rb8 17. Nc4 Rf6 18. Nc3 Rh6 19. Be1 Bh4 20. e3 Be8 21. Bg3 Qe7
22. Qf3 Rd8 23. Bxh4 Qxh4 24. Qg3 Qe7 25. Kh1 Rxd3 26. Rfd1 Rxd1+ 27. Rxd1 Bf7
28. b3 Nb4 29. Qg5 Rf6 30. Ne5 h6 31. Qh4 Be8 32. Bf3 Kf8 33. Qh3 Qe6 34. Nc4
Bc6 35. Rd6 Qe7 36. Bxc6 Nxc6 37. Rd1 Kg8 38. Qf3 Kh7 39. Rd2 Rg6 40. h3 Nd4 41.
Qf1 Rg3 42. exd4 Rxc3 43. Ne5 Qh4 44. Rd3 cxd4 45. Qg1 Rxd3 46. Qg6+ Kh8 0-1

[Event "38th ECC Open 2023"]
[Site "Durres ALB"]
[Date "2023.10.02"]
[Round "2.5"]
[Board "4"]
[White "Fedorchuk, Sergey A."]
[Black "Glek, Igor"]
[Result "1-0"]
[WhiteTitle "GM"]
[BlackTitle "GM"]
[WhiteElo "2564"]
[BlackElo "2429"]
[WhiteTeam "Schachclub Viernheim 1934 e.V."]
[BlackTeam "KSK Rochade"]
[WhiteFideId "14102536"]
[BlackFideId "4100484"]
[EventDate "2023.10.01"]

1. e4 e6 2. d4 d5 3. Nd2 c5 4. Ngf3 cxd4 5. Nxd4 Nc6 6. Bb5 Bd7 7. Nxc6 Bxc6 8.
Bxc6+ bxc6 9. c4 Nf6 10. Qa4 Qc7 11. exd5 exd5 12. O-O Be7 13. cxd5 Nxd5 14. Nc4
O-O 15. Bd2 Nb6 16. Qc2 Nxc4 17. Qxc4 Bf6 18. Rab1 Rfe8 19. b3 Re6 20. Rfe1 Rae8
21. Rxe6 Rxe6 22. Be3 Qb7 23. Rd1 h6 24. h3 a6 25. a4 Be7 26. Kf1 Rd6 27. Rc1
Re6 28. Rc3 Bb4 29. Rc2 Be7 30. Rc3 Bb4 31. Rd3 Rd6 32. h4 h5 33. Bd4 Rg6 34.
Bc5 Ba5 35. b4 Bb6 36. Re3 Qb8 37. Bxb6 Qxb6 38. Re8+ Kh7 39. Qxf7 1-0

[Event "38th ECC Open 2023"]
[Site "Durres ALB"]
[Date "2023.10.02"]
[Round "2.5"]
[Board "5"]
[White "Coenen, Norbert"]
[Black "Maze, Sebastien"]
[Result "0-1"]
[WhiteTitle "IM"]
[BlackTitle "GM"]
[WhiteElo "2249"]
[BlackElo "2546"]
[WhiteTeam "KSK Rochade"]
[BlackTeam "Schachclub Viernheim 1934 e.V."]
[WhiteFideId "4619455"]
[BlackFideId "613762"]
[EventDate "2023.10.01"]

1. e4 c5 2. Nf3 e6 3. d4 cxd4 4. Nxd4 Nc6 5. Nc3 Qc7 6. Be2 a6 7. O-O Nf6 8. Be3
Be7 9. f4 d6 10. Kh1 O-O 11. Qe1 Nxd4 12. Bxd4 b5 13. a3 Bb7 14. Qg3 Bc6 15.
Rae1 Rad8 16. Bd3 Qd7 17. Re3 g6 18. e5 dxe5 19. Bxe5 Nh5 20. Qg4 f5 21. Qd1 Nf6
22. h3 Qb7 23. Re2 Nd7 24. Qe1 Nxe5 25. fxe5 Rd4 26. Kh2 Bh4 27. g3 Bg5 28. Qf2
Rfd8 29. Ree1 f4 30. Rd1 Qc7 31. Qe1 Bb7 32. Qe2 Rf8 33. Bf5 fxg3+ 34. Kxg3 Rxd1
35. Bxe6+ Kg7 36. Rxd1 Bf4+ 37. Kf2 Qb6+ 0-1

[Event "38th ECC Open 2023"]
[Site "Durres ALB"]
[Date "2023.10.02"]
[Round "2.5"]
[Board "6"]
[White "Libiszewski, Fabien"]
[Black "Meessen, Rudolf"]
[Result "1-0"]
[WhiteTitle "GM"]
[BlackTitle "FM"]
[WhiteElo "2496"]
[BlackElo "2170"]
[WhiteTeam "Schachclub Viernheim 1934 e.V."]
[BlackTeam "KSK Rochade"]
[WhiteFideId "616834"]
[BlackFideId "202029"]
[EventDate "2023.10.01"]

1. e4 e5 2. Nf3 d6 3. d4 exd4 4. Nxd4 Nf6 5. Nc3 Be7 6. Bf4 O-O 7. Be2 Re8 8.
Qd2 Nc6 9. O-O-O Nxd4 10. Qxd4 a6 11. e5 dxe5 12. Qxe5 Bd6 13. Qd4 Bxf4+ 14.
Qxf4 Qe7 15. Bf3 c6 16. g4 Qe5 17. Qxe5 Rxe5 18. Rd8+ Re8 19. Rxe8+ Nxe8 20. Na4
Rb8 21. Re1 Kf8 22. Nb6 Nc7 23. c4 f5 24. Nxc8 Rxc8 25. gxf5 Rd8 26. Kc2 Kf7 27.
Re4 Kf6 28. Rh4 Rh8 29. Be4 Kg5 30. Rh3 Kf4 31. Rh4+ Kg5 32. Rh3 Kf4 33. Bd3 Ke5
34. Kc3 Kf6 35. Be4 Ke5 36. Bc2 Ne8 37. Re3+ Kf6 38. Kd4 Nc7 39. Kc5 Rd8 40. Kb6
Rd7 41. Kxb7 Nd5+ 42. Kxc6 Nxe3 43. Kxd7 Nxc4 44. b4 h5 45. h4 Ne5+ 46. Kc7 Nf3
47. a4 Nd4 48. Bd3 Nxf5 49. Bxf5 Kxf5 50. b5 axb5 51. axb5 g5 52. b6 gxh4 53. b7
h3 54. b8=Q h2 1-0

[Event "38th ECC Open 2023"]
[Site "Durres ALB"]
[Date "2023.10.02"]
[Round "2.6"]
[Board "1"]
[White "Donchenko, Alexander"]
[Black "Ten Hertog, Hugo"]
[Result "1/2-1/2"]
[WhiteTitle "GM"]
[BlackTitle "GM"]
[WhiteElo "2676"]
[BlackElo "2525"]
[WhiteTeam "Turkish Airlines Sports Club"]
[BlackTeam "Paul Keres 1"]
[WhiteFideId "24603295"]
[BlackFideId "1026356"]
[EventDate "2023.10.01"]

1. c4 e6 2. Nc3 d5 3. d4 c6 4. e4 dxe4 5. Nxe4 Bb4+ 6. Bd2 Qxd4 7. Bxb4 Qxe4+ 8.
Be2 Na6 9. Bd6 Qxg2 10. Qd2 e5 11. O-O-O Bf5 12. Bxe5 Qe4 13. Bd3 Qxd3 14. Qxd3
Bxd3 15. Bxg7 Nb4 16. Bxh8 Nxa2+ 17. Kd2 Bxc4 18. Nh3 Ne7 19. Kc2 Nd5 20. Rd4
Nab4+ 21. Kd2 b5 22. Re1+ Kd7 23. Be5 c5 24. Rh4 Rd8 25. Ng5 Ne7 26. Rxc4 bxc4
27. Bd6 Nf5 28. Nxf7 Nxd6 29. Nxd8 Kxd8 30. Re6 Nb5 31. Re4 Nd4 32. Kc3 Nb5+ 33.
Kd2 Nd6 34. Re6 Nb5 1/2-1/2

[Event "38th ECC Open 2023"]
[Site "Durres ALB"]
[Date "2023.10.02"]
[Round "2.6"]
[Board "2"]
[White "Lombaers, Peter"]
[Black "Vallejo Pons, Francisco"]
[Result "1/2-1/2"]
[WhiteTitle "FM"]
[BlackTitle "GM"]
[WhiteElo "2359"]
[BlackElo "2680"]
[WhiteTeam "Paul Keres 1"]
[BlackTeam "Turkish Airlines Sports Club"]
[WhiteFideId "1032852"]
[BlackFideId "2205530"]
[EventDate "2023.10.01"]

1. d4 d5 2. c4 e6 3. Nf3 a6 4. Bg5 Nf6 5. e3 Be7 6. Nc3 O-O 7. Qc2 h6 8. Bh4
Nbd7 9. cxd5 exd5 10. Bd3 c6 11. O-O Re8 12. Bg3 Nf8 13. h3 Bd6 14. Be5 Bxe5 15.
Nxe5 c5 16. f4 c4 17. Be2 b5 18. Bf3 Bb7 19. b4 Qe7 20. Qb2 Ne6 21. a4 Nc7 22.
Rae1 Rab8 23. a5 Rbd8 24. g4 Ne4 25. Bxe4 dxe4 26. Kh1 Nd5 27. Nxd5 Rxd5 28. Qc3
Red8 29. Rg1 R8d6 30. Ref1 Kf8 31. Qe1 Ke8 32. g5 hxg5 33. fxg5 Rxe5 34. dxe5
Qxe5 35. Qh4 Bd5 36. g6 f5 37. Rd1 Kd7 38. Rd4 c3 39. Rc1 Bc4 40. Rxd6+ Qxd6 41.
Qe1 Qxb4 42. Rxc3 Ke6 43. Qa1 Qd6 44. Rxc4 bxc4 45. Qxg7 Qd1+ 46. Kh2 Qd2+ 47.
Kh1 Qe1+ 48. Kh2 Qf2+ 49. Kh1 Qf1+ 50. Kh2 Qf2+ 51. Kh1 Qf1+ 1/2-1/2

[Event "38th ECC Open 2023"]
[Site "Durres ALB"]
[Date "2023.10.02"]
[Round "2.6"]
[Board "3"]
[White "Bluebaum, Matthias"]
[Black "Kerigan, Demre"]
[Result "1-0"]
[WhiteTitle "GM"]
[BlackTitle "IM"]
[WhiteElo "2668"]
[BlackElo "2360"]
[WhiteTeam "Turkish Airlines Sports Club"]
[BlackTeam "Paul Keres 1"]
[WhiteFideId "24651516"]
[BlackFideId "6307841"]
[EventDate "2023.10.01"]

1. d4 Nf6 2. c4 g6 3. Nc3 Bg7 4. e4 d6 5. Nf3 O-O 6. Be3 e5 7. d5 Ng4 8. Bg5 f6
9. Bh4 a5 10. Nd2 Na6 11. Be2 Nh6 12. f3 Bd7 13. a3 Nf7 14. Rb1 Nc5 15. b3 Bh6
16. Bf2 f5 17. O-O b6 18. Qc2 a4 19. b4 Bxd2 20. Qxd2 Nb3 21. Qd3 f4 22. Bd1 g5
23. Nxa4 Nd4 24. Nb2 Qf6 25. a4 h5 26. Qd2 g4 27. fxg4 Ng5 28. Bxd4 exd4 29.
gxh5 Nxe4 30. Qc2 Rae8 31. Be2 Nc3 32. Rbe1 Kh8 33. Bd3 Re3 34. Rxe3 dxe3 35.
Nd1 Nxa4 36. Be2 Qd4 37. Qg6 Rf6 38. Qg5 Qe5 39. Qxe5 dxe5 40. Nxe3 Nc3 41. Bg4
Be8 42. g3 b5 43. c5 Kg7 44. Nf5+ Kf8 45. h6 Bg6 46. gxf4 exf4 47. d6 Bxf5 48.
Bxf5 cxd6 49. c6 Nd5 50. Be4 Ne7 51. h7 Kg7 52. Ra1 Rf8 53. Ra7 Kf6 54. Rd7 Ke6
55. Bg2 Nf5 56. Bh3 d5 57. Bxf5+ Kxf5 58. c7 1-0